[Event "Titled Tuesday intern op 07th Feb Late"]
[Site "Chess.com INT"]
[Date "2023.02.07"]
[Round "5"]
[White "Lisjak, Zlatko"]
[Black "Jorajuria Mendoza, Algol"]
[Result "1-0"]
[WhiteElo "2226"]
[BlackElo "2037"]
[PlyCount "73"]
[EventDate "2023.02.07"]
[EventType "swiss (blitz)"]
[EventRounds "11"]
[EventCountry "USA"]
[SourceTitle "EXT 2024"]
[Source "ChessBase"]
[SourceDate "2023.10.10"]
[SourceVersion "1"]
[SourceVersionDate "2023.10.10"]
[SourceQuality "1"]

1. d4 d5 2. Nc3 Nf6 3. Bf4 e6 4. Nb5 Na6 5. a3 c6 6. Nc3 c5 7. e3 Be7 8. dxc5 Nxc5 9. Nf3 0-0 10. Ne5 Nfe4 11. Nxe4 Nxe4 12. Bd3 Nc5 13. Be2 f6 14. Nd3 Ne4 15. h3 e5 16. Bh2 Be6 17. 0-0 Qb6 18. Kh1 Rfd8 19. f4 d4 20. exd4 Rxd4 21. Qe1 Rc4 22. Bf3 Nc5 23. fxe5 Rxc2 24. exf6 Bxf6 25. Nxc5 Rxc5 26. Bg1 Bc4 27. Bxc5 Qxc5 28. Rc1 Qd4 29. Rf2 Bf7 30. Rd2 Qf4 31. Qe2 Be5 32. g4 Qg3 33. Qg2 Qh4 34. Bxb7 Rf8 35. Bd5 Bf4 36. Bxf7+ Kxf7 37. Rd7+ 1-0

[Event "Titled Tuesday intern op 17th Jan Late"]
[Site "Chess.com INT"]
[Date "2023.01.17"]
[Round "3"]
[White "Danielyan, Vahe"]
[Black "Jorajuria Mendoza, Algol"]
[Result "0-1"]
[WhiteElo "2307"]
[BlackElo "2037"]
[PlyCount "80"]
[EventDate "2023.01.17"]
[EventType "swiss (blitz)"]
[EventRounds "11"]
[EventCountry "USA"]
[SourceTitle "CBM 212 Extra"]
[Source "ChessBase"]
[SourceDate "2023.03.31"]
[SourceVersion "1"]
[SourceVersionDate "2023.03.31"]
[SourceQuality "1"]

1. e4 g6 2. d4 Bg7 3. Nc3 d6 4. Be3 Nd7 5. Qd2 a6 6. h4 h6 7. h5 g5 8. Nge2 b5 9. Ng3 e6 10. a4 b4 11. Na2 a5 12. Be2 Ngf6 13. Nc1 Bb7 14. f3 c5 15. dxc5 dxc5 16. Nb3 Qc7 17. Bf2 0-0 18. 0-0 Rfd8 19. Rad1 c4 20. Nd4 Nc5 21. Qe3 Nxa4 22. Rfe1 Nxb2 23. Rb1 c3 24. Nb5 Qf4 25. Qb6 Qb8 26. Nf1 Ra6 27. Qe3 Qf4 28. Qc5 Nd7 29. Qe7 Bf6 30. g3 Qb8 31. Qxd8+ Qxd8 32. Ne3 Ne5 33. f4 gxf4 34. gxf4 Nc6 35. Ng4 Bh4 36. e5 Bxf2+ 37. Kxf2 Qh4+ 38. Kg1 Qg3+ 39. Kf1 Nxe5 40. Nf6+ Kh8 0-1